000 03075nam0a2200397 4500
001 RU\NLR\BIBL_A\022587761
005 20251111130030.0
021 _aRU
_bКН-П-25-028420
_9КН-П-25-2816
035 _a(NLR Aleph) 022587761
090 _a13538524
_c13538524
100 _a20250721d2024 u y0rusy50 ca
101 0 _arus
102 _aRU
105 _aa|||j|||000yy
181 0 _ai3
_baxxe
182 0 _an
200 1 _aПрикладное программирование
_eучебно-методическое пособие
_eдля студентов всех форм обучения по направлениям подготовки - 13.05.02 - "Специальные электромеханические системы", 15.03.06 - "Мехатроника и робототехника", 13.03.02 - "Электроэнергетика и электротехника"
_fМ. В. Сержантова, И. В. Елтышева, Р. В. Рудаков, А. Д. Хорубко
_gМинистерство науки и высшего образования Российской Федерации, Федеральное государственное бюджетное образовательное учреждение высшего образования Санкт-Петербургский государственный университет аэрокосмического приборостроения
203 _aТекст
_bвизуальный
_cнепосредственный
210 _aСанкт-Петербург
_cГУАП
_d2024
215 _a47 с.
_cил., табл.
_d21
300 _aАвт. указаны на обороте тит. с.
313 _aВ данном пособии рассмотрено объектно-ориентированное программирование на языке С++.
320 _aБиблиогр.: с. 46 (23 назв.)
606 1 _aОбъектно-ориентированное программирование (компьют.)
_jУчебно-методические пособия для высших учебных заведений
_2nlr_sh1
_2nlr_sh2
_3RU\NLR\AUTH\661327841
606 1 _aC++, язык программирования
_jУчебно-методические пособия для высших учебных заведений
_2nlr_sh1
_2nlr_sh2
_3RU\NLR\AUTH\661246828
686 1 _aЗ973.23-018.1я73-1
701 1 _aСержантова
_bМ. В.
_gМайя Вячеславовна
701 1 _aЕлтышева
_bИ. В.
_gИрина Владимировна
701 1 _aРудаков
_bР. В.
_gРоман Вадимович
701 1 _aХорубко
_bА. Д.
_gАнна Дмитриевна
712 0 2 _aСанкт-Петербургский государственный университет аэрокосмического приборостроения
_3RU\NLR\AUTH\8824043
_4475
942 _cBOOK
980 _aNB